[Event "Rheinhessen-ch U14"]
[Site "Oppenheim"]
[Date "2015.01.06"]
[Round "1"]
[White "Bootz, Pascal"]
[Black "Lorenz, Tobias"]
[Result "0-1"]
[WhiteElo "1105"]
[BlackElo "1487"]
[PlyCount "88"]
[EventDate "2015.01.03"]
[EventType "swiss"]
[EventRounds "7"]
[EventCountry "GER"]
[SourceTitle "EXT 2017"]
[Source "ChessBase"]
[SourceDate "2016.10.25"]
[SourceVersion "1"]
[SourceVersionDate "2016.10.25"]
[SourceQuality "1"]

1. e4 d6 2. d4 Nf6 3. Nc3 g6 4. Bc4 Bg7 5. Nf3 0-0 6. Ne2 Nxe4 7. c3 Nc6 8. Bd5 Nf6 9. Bc4 e5 10. Bb5 Re8 11. Bg5 e4 12. Nd2 Bd7 13. d5 Ne7 14. Bxd7 Qxd7 15. Bxf6 Bxf6 16. Nxe4 Bg7 17. Rb1 Qf5 18. N2g3 Qxd5 19. Qxd5 Nxd5 20. Rd1 Nxc3 21. bxc3 f5 22. f3 fxe4 23. Nxe4 Bxc3+ 24. Kf2 Bg7 25. Rc1 Re7 26. Rc2 b6 27. Rhc1 d5 28. Nd2 Bd4+ 29. Kf1 c5 30. Nb3 Be3 31. Re1 d4 32. a4 Rc8 33. a5 d3 34. Rc3 c4 35. axb6 axb6 36. Nc1 d2 37. Rd1 dxc1Q 38. Rcxc1 Bxc1 39. Rxc1 b5 40. g4 b4 41. h4 b3 42. Rb1 Rb8 43. Rc1 c3 44. Rxc3 b2 0-1

[Event "Rheinhessen-ch U14"]
[Site "Oppenheim"]
[Date "2015.01.06"]
[Round "2"]
[White "Lutterbach, Jakob"]
[Black "Bootz, Pascal"]
[Result "1/2-1/2"]
[WhiteElo "1064"]
[BlackElo "1105"]
[PlyCount "97"]
[EventDate "2015.01.03"]
[EventType "swiss"]
[EventRounds "7"]
[EventCountry "GER"]
[SourceTitle "EXT 2017"]
[Source "ChessBase"]
[SourceDate "2016.10.25"]
[SourceVersion "1"]
[SourceVersionDate "2016.10.25"]
[SourceQuality "1"]

1. e4 e6 2. d4 d5 3. Nc3 Bb4 4. e5 c5 5. f4 Qb6 6. Be3 Ne7 7. Nf3 Nbc6 8. Rb1 a6 9. Be2 Nf5 10. dxc5 Nxe3 11. cxb6 Nxd1 12. Rxd1 Ba5 13. 0-0 Bxb6+ 14. Kh1 Be3 15. Nd2 Nd4 16. Bd3 Bd7 17. Nf3 Nb5 18. Nd2 Nxc3 19. bxc3 Bb5 20. Nf3 Rc8 21. Bxb5+ axb5 22. Rd3 Bb6 23. Rc1 0-0 24. h3 Rc7 25. Nd4 Rc5 26. Rb1 Rfc8 27. Rb3 Rc4 28. Nxb5 Rxf4 29. Nd6 Rc6 30. Nxb7 Bc7 31. a3 Bxe5 32. Rf3 Rxf3 33. gxf3 g6 34. a4 Rxc3 35. Rxc3 Bxc3 36. a5 Bd4 37. a6 e5 38. Nd8 f5 39. Nc6 Bb6 40. a7 Bxa7 41. Nxa7 e4 42. fxe4 fxe4 43. Kg2 Kf7 44. Kg3 Kf6 45. Nb5 Ke5 46. c3 h5 47. h4 Kf5 48. Nd4+ Ke5 49. Ne2 1/2-1/2